000 00666nam a2200265Ia 4500
005 20260121142424.0
008 008 260114s9999 xx 000 0 eng d
020 _a9788121250252
037 _aEBOOK
040 _aCRL
040 _beng
040 _cCRL
041 _2eng
041 _aeng
084 _qCRL
100 _aVivek Kumar
_9996295
245 0 _aCaste and Democracy in India A Perspective from Below
260 _bGyan Books Pvt. Ltd.
260 _bToday and Tomorrow
260 _c2014
856 _uhttps://asapglobe.com/Search.aspx?q=9788121212243&type=keyword
942 _cEBOOK
999 _c1563504
_d1563504